[Event "POL-chT DMP 2 liga B4 email"]
[Site "POL email"]
[Date "2005.??.??"]
[Round "?"]
[White "Kobus, Boleslaw"]
[Black "Czech, Zygfryd"]
[Result "1/2-1/2"]
[WhiteElo "2020"]
[BlackElo "2110"]
[PlyCount "95"]
[EventDate "2005.??.??"]
[EventType "tourn (corr)"]
[EventRounds "11"]
[EventCountry "POL"]
[SourceTitle "Corr 2008"]
[Source "ChessBase"]
[SourceDate "2008.06.24"]
[SourceVersion "1"]
[SourceVersionDate "2008.06.24"]
[SourceQuality "1"]

1. e4 e5 2. Nf3 Nc6 3. Nc3 Nf6 4. Bb5 Bb4 5. 0-0 0-0 6. d3 d6 7. Bg5 Bxc3 8. bxc3 Qe7 9. Nd2 h6 10. Bh4 Nd8 11. Bc4 Ne6 12. Qf3 c6 13. Bxe6 fxe6 14. Qe3 b6 15. a4 c5 16. Rfb1 Qc7 17. Rb3 Bd7 18. c4 Rf7 19. Rba3 a5 20. Rb3 Raf8 21. Qe2 Bc6 22. c3 g5 23. Bg3 Qd8 24. h3 Nd7 25. Nf1 Qf6 26. Ne3 Qg6 27. Ra2 h5 28. Qd1 Qh6 29. Rb1 g4 30. h4 Kg7 31. Rab2 Kg8 32. Qb3 Qf6 33. Qc2 Qd8 34. Qd1 Rf6 35. Qc2 Qe8 36. Qb3 Qg6 37. Nc2 Qf7 38. Na3 Qe7 39. Nb5 R6f7 40. Qc2 Rb8 41. Qe2 Nf6 42. Rd1 Kh7 43. Qe3 Rbf8 44. Rdb1 Rg8 45. Rd2 Rd8 46. Rbb2 Qf8 47. Rd1 Qe7 48. Rb3 1/2-1/2